| 000 | 00549nam a22001937a 4500 | ||
|---|---|---|---|
| 003 | OSt | ||
| 005 | 20160310093644.0 | ||
| 008 | 160310b xxu||||| |||| 00| 0 eng d | ||
| 010 | _a2003056143 | ||
| 020 | _a0131121898 | ||
| 040 | _cN/A | ||
| 050 |
_aLB1573 _b.R48 2004 |
||
| 100 | _aCooter, Robert | ||
| 245 |
_aTeaching Childrent to Read _bputting the pieces together _cRobert B.Cooter |
||
| 250 | _a4th ed | ||
| 260 |
_aUpper Saddle River,NJ/Columbus,Ohio _bPearson;Merrill prentice Hall _c2004 |
||
| 300 |
_axvi,614p _bill |
||
| 942 |
_2lcc _cBK |
||
| 999 |
_c252917 _d252916 |
||